[Event "DEM U14w 2006"]
[Site "Willingen GER"]
[Date "2006.06.09"]
[Round "8"]
[White "Wisheckel, Lena"]
[Black "Sonnhalter, Stella"]
[Result "1-0"]
[Termination "normal"]
[Board "11"]
[WhiteElo "1545"]
[BlackElo "1511"]
[PlyCount "43"]
[WhiteFideId "24691992"]
[BlackFideId "4624815"]
[EventCountry "GER"]
[EventRounds "9"]
[EventType "swiss"]
[EventDate "2006.06.03"]

1. e4 c5 2. Nf3 Nc6 3. Bb5 g6 4. O-O Bg7 5. c3 Nf6 6. Re1 d6 7. d4 cxd4 8. cxd4
a6 9. Bxc6+ bxc6 10. e5 Nd5 11. Nc3 Be6 12. Bg5 O-O 13. Nxd5 Bxd5 14. exd6 Qd7
15. Bxe7 Rfe8 16. Ne5 Qf5 17. Qg4 Qxg4 18. Nxg4 Bxd4 19. Bf6 Bc5 20. d7 Rxe1+
21. Rxe1 Be6 22. Nh6+ 1-0

[Event "DEM U14w 2006"]
[Site "Willingen GER"]
[Date "2006.06.09"]
[Round "8"]
[White "Micklich, Rahel"]
[Black "Schöbel, Ulrike"]
[Result "1/2-1/2"]
[Termination "normal"]
[Board "12"]
[WhiteElo "1785"]
[BlackElo "1064"]
[PlyCount "53"]
[WhiteFideId "24639184"]
[EventCountry "GER"]
[EventRounds "9"]
[EventType "swiss"]
[EventDate "2006.06.03"]

1. d4 d5 2. c4 e6 3. Nc3 Nf6 4. Bg5 Be7 5. e3 h6 6. Bh4 O-O 7. Nf3 b6 8. cxd5
Nxd5 9. Bxe7 Qxe7 10. Nxd5 exd5 11. a3 Bb7 12. Bd3 c5 13. dxc5 bxc5 14. O-O Nd7
15. Rc1 Rac8 16. Qe2 Nf6 17. Rfd1 Rfd8 18. Nh4 Rc7 19. Nf5 Qe6 20. Qf3 Qb6 21.
Qg3 Ne8 22. Rd2 Kf8 23. Rcd1 c4 24. Be2 c3 25. bxc3 Rxc3 26. Rd3 Rxd3 27. Bxd3
1/2-1/2

[Event "DEM U14w 2006"]
[Site "Willingen GER"]
[Date "2006.06.09"]
[Round "8"]
[White "Lingl, Xenia"]
[Black "Schultheiß, Vera"]
[Result "0-1"]
[Termination "normal"]
[Board "13"]
[WhiteElo "1483"]
[BlackElo "1370"]
[PlyCount "70"]
[EventCountry "GER"]
[EventRounds "9"]
[EventType "swiss"]
[EventDate "2006.06.03"]

1. e4 e5 2. Nf3 Nc6 3. Bc4 Bc5 4. c3 d6 5. d3 Nf6 6. O-O a6 7. Bb3 O-O 8. Nbd2
Be6 9. Bc2 Bg4 10. Re1 h6 11. Nf1 Ne7 12. Ng3 Ng6 13. Be3 Ba7 14. h3 Bxf3 15.
Qxf3 Nh4 16. Qe2 Kh7 17. d4 Rg8 18. Rad1 Qe8 19. Nh5 Qe6 20. Bb3 Qe7 21. Nxf6+
Qxf6 22. Qh5 Rgf8 23. dxe5 dxe5 24. Bxa7 Rxa7 25. Rd7 g6 26. Qe2 b6 27. Red1 g5
28. Qc4 Kg7 29. Rxc7 Rxc7 30. Qxc7 h5 31. Rd6 Qf4 32. g3 Qxe4 33. Qc6 Qe1+ 34.
Kh2 Qxf2+ 35. Kh1 Qf1+ 0-1

[Event "DEM U14w 2006"]
[Site "Willingen GER"]
[Date "2006.06.10"]
[Round "9"]
[White "Smolkina, Milana"]
[Black "Mertens, Pauline"]
[Result "1-0"]
[Termination "normal"]
[Board "1"]
[WhiteElo "1822"]
[BlackElo "1658"]
[PlyCount "45"]
[WhiteFideId "24618780"]
[BlackFideId "24671959"]
[EventCountry "GER"]
[EventRounds "9"]
[EventType "swiss"]
[EventDate "2006.06.03"]

1. e4 c5 2. Nf3 d6 3. d4 cxd4 4. Nxd4 Nf6 5. Nc3 a6 6. Bg5 Nbd7 7. f4 b5 8. Qf3
Bb7 9. a3 e6 10. O-O-O Be7 11. g4 h6 12. Bh4 g5 13. fxg5 Ne5 14. gxf6 Nxf3 15.
fxe7 Qc7 16. Nxf3 Rc8 17. Rd2 h5 18. Bxb5+ Bc6 19. Bxc6+ Qxc6 20. Bf6 Rh6 21.
g5 Rh7 22. Rhd1 d5 23. exd5 1-0

[Event "DEM U14w 2006"]
[Site "Willingen GER"]
[Date "2006.06.10"]
[Round "9"]
[White "Dorn, Carina"]
[Black "Endress, Anna"]
[Result "0-1"]
[Termination "normal"]
[Board "2"]
[WhiteElo "1588"]
[BlackElo "1949"]
[PlyCount "74"]
[WhiteFideId "24666335"]
[BlackFideId "24629472"]
[EventCountry "GER"]
[EventRounds "9"]
[EventType "swiss"]
[EventDate "2006.06.03"]

1. d4 Nf6 2. c4 e6 3. Nc3 d5 4. Bg5 Be7 5. Nf3 h6 6. Bh4 O-O 7. e3 b6 8. Be2
Bb7 9. Bxf6 Bxf6 10. cxd5 exd5 11. b4 a5 12. a3 Nd7 13. O-O Re8 14. Qb3 Nf8 15.
Rac1 Ne6 16. Rfd1 Be7 17. Ne5 axb4 18. axb4 c6 19. Bf3 Qd6 20. Rb1 Bf6 21. Na4
Bxe5 22. dxe5 Qxe5 23. Nxb6 Rad8 24. h3 Ng5 25. Bg4 f5 26. Bh5 Nf7 27. Bxf7+
Kxf7 28. Na4 Ba6 29. Nc5 Bc4 30. Qa4 Rd6 31. Rd4 Rg6 32. Ra1 Kg8 33. Qa7 Be2
34. Ra2 Bf3 35. g3 Qxd4 36. Ra1 Rxg3+ 37. Kf1 Qc4+ 0-1

[Event "DEM U14w 2006"]
[Site "Willingen GER"]
[Date "2006.06.10"]
[Round "9"]
[White "Bochis, Julia"]
[Black "Frey, Alisa"]
[Result "1-0"]
[Termination "normal"]
[Board "3"]
[WhiteElo "1828"]
[BlackElo "1877"]
[PlyCount "119"]
[WhiteFideId "24647276"]
[BlackFideId "24634662"]
[EventCountry "GER"]
[EventRounds "9"]
[EventType "swiss"]
[EventDate "2006.06.03"]

1. e4 e5 2. Nf3 Nc6 3. Bb5 a6 4. Ba4 Nf6 5. d4 b5 6. Bb3 exd4 7. O-O Be7 8. Re1
d6 9. a4 Bg4 10. Qd3 Bxf3 11. Qxf3 Ne5 12. Qg3 O-O 13. f4 Ng6 14. c3 dxc3 15.
Nxc3 b4 16. Nd5 a5 17. Nxe7+ Qxe7 18. e5 dxe5 19. fxe5 Nd7 20. e6 Nde5 21. Rxe5
Nxe5 22. Qxe5 f6 23. Qg3 c5 24. Bc4 Rfd8 25. Be3 Rac8 26. Qf3 Kh8 27. Rd1 Rxd1+
28. Qxd1 Rd8 29. Qh5 g6 30. Qxc5 Rd1+ 31. Kf2 Rd2+ 32. Ke1 Rd6 33. Qxa5 Rxe6
34. Bxe6 Qxe6 35. Qd8+ Kg7 36. Qd4 b3 37. Kd2 Qf5 38. Qa7+ Kg8 39. Qb8+ Kg7 40.
Qb7+ Kh8 41. Qxb3 Qd7+ 42. Qd3 Qxa4 43. Qd8+ Kg7 44. Qe7+ Kg8 45. Qxf6 Qa5+ 46.
Ke2 Qh5+ 47. Kf2 Qxh2 48. Qe6+ Kg7 49. Bd4+ Kh6 50. Qh3+ Qxh3 51. gxh3 Kg5 52.
b4 Kf5 53. b5 Ke6 54. b6 Kd6 55. Kf3 h5 56. Kf4 Kc6 57. Kg5 h4 58. Kxh4 Kb7 59.
Kg5 Kc6 60. Kxg6 1-0

[Event "DEM U14w 2006"]
[Site "Willingen GER"]
[Date "2006.06.10"]
[Round "9"]
[White "Blübaum, Johanna"]
[Black "Becher, Anne"]
[Result "1-0"]
[Termination "normal"]
[Board "4"]
[WhiteElo "1707"]
[BlackElo "1555"]
[PlyCount "103"]
[WhiteFideId "24647373"]
[EventCountry "GER"]
[EventRounds "9"]
[EventType "swiss"]
[EventDate "2006.06.03"]

1. d4 Nf6 2. c4 c5 3. d5 b5 4. cxb5 a6 5. b6 Bb7 6. Nc3 d6 7. e4 Nbd7 8. Nf3
Qxb6 9. Be2 g6 10. O-O Bg7 11. Nd2 Ne5 12. f4 Ned7 13. Nc4 Qc7 14. Bf3 O-O 15.
a4 Nb6 16. Ne3 a5 17. Nb5 Qd7 18. Nc3 Ba6 19. Be2 Qc8 20. Qc2 Bxe2 21. Qxe2 Qa6
22. Qxa6 Rxa6 23. Bd2 Rb8 24. Rab1 h6 25. b3 e6 26. Rfc1 exd5 27. Nexd5 Nfxd5
28. Nxd5 Nxd5 29. exd5 Bd4+ 30. Kf1 Ra7 31. Ke2 Bf6 32. Kd3 Kf8 33. f5 g5 34.
g4 Be5 35. h3 Re8 36. h4 f6 37. hxg5 hxg5 38. Rh1 Kg7 39. Rh3 Rh8 40. Rxh8 Kxh8
41. Kc4 Kg7 42. Kb5 Rb7+ 43. Kxa5 c4 44. Ka6 Rxb3 45. Rxb3 cxb3 46. Bc1 b2 47.
Bxb2 Bxb2 48. a5 Kf7 49. Kb7 Ke7 50. a6 Bd4 51. a7 Bxa7 52. Kxa7 1-0

[Event "DEM U14w 2006"]
[Site "Willingen GER"]
[Date "2006.06.10"]
[Round "9"]
[White "Mijatovic, Andrea"]
[Black "Nguyen Minh, Thuy"]
[Result "1-0"]
[Termination "normal"]
[Board "5"]
[WhiteElo "1913"]
[BlackElo "1527"]
[PlyCount "109"]
[WhiteFideId "14514524"]
[BlackFideId "24672688"]
[EventCountry "GER"]
[EventRounds "9"]
[EventType "swiss"]
[EventDate "2006.06.03"]

1. e4 c5 2. Nf3 Nc6 3. d4 cxd4 4. Nxd4 g6 5. Nc3 Bg7 6. Be3 d6 7. Qd2 Bd7 8.
O-O-O a6 9. Nd5 Rb8 10. Nxc6 bxc6 11. Nc3 c5 12. b3 Qa5 13. Na4 Qxa4 14. bxa4
Bb2+ 15. Kb1 Bc3+ 16. Kc1 Bxd2+ 17. Kxd2 a5 18. Bb5 Bxb5 19. Rb1 Nf6 20. f3 Kd7
21. axb5 Rb7 22. c4 Rc8 23. Kc3 a4 24. Rhd1 Ke8 25. Bg5 Nd7 26. h3 f6 27. Be3
Nb6 28. h4 Kf7 29. g4 Nd7 30. Bf4 Rg8 31. Rg1 g5 32. Bg3 h6 33. Rh1 e5 34. hxg5
hxg5 35. Rh7+ Rg7 36. Rxg7+ Kxg7 37. Rd1 Rb6 38. Kb2 Kf7 39. Ka3 Ke7 40. Kxa4
Rb8 41. Kb3 Rh8 42. a4 Ra8 43. Ra1 Kd8 44. Rh1 Nb6 45. Rh8+ Kc7 46. Rxa8 Nxa8
47. a5 Kb7 48. Ka4 Nc7 49. Be1 Ne6 50. a6+ Kb6 51. Bc3 Nd4 52. Ba5+ Ka7 53. Bc7
Nxf3 54. Bxd6 Kb6 55. Bxc5+ 1-0

[Event "DEM U14w 2006"]
[Site "Willingen GER"]
[Date "2006.06.10"]
[Round "9"]
[White "Hohmann, Louisa"]
[Black "Penne, Bo"]
[Result "1/2-1/2"]
[Termination "normal"]
[Board "6"]
[WhiteElo "1662"]
[BlackElo "1867"]
[PlyCount "51"]
[BlackFideId "24642193"]
[EventCountry "GER"]
[EventRounds "9"]
[EventType "swiss"]
[EventDate "2006.06.03"]

1. e4 c6 2. d4 d5 3. Nc3 dxe4 4. Nxe4 Bf5 5. Ng3 Bg6 6. Nf3 Nd7 7. h4 h6 8. h5
Bh7 9. Bd3 Bxd3 10. Qxd3 Qc7 11. Bd2 Ngf6 12. O-O-O O-O-O 13. Ne4 e6 14. g3
Nxe4 15. Qxe4 Nf6 16. Qe2 Bd6 17. Ne5 Kb8 18. Nc4 Nd5 19. Nxd6 Qxd6 20. c4 Nc7
21. Bc3 Rhg8 22. Rhe1 Qf8 23. Qc2 Qe7 24. Re5 Qd7 25. Ba5 Rge8 26. Bxc7+
1/2-1/2

[Event "DEM U14w 2006"]
[Site "Willingen GER"]
[Date "2006.06.10"]
[Round "9"]
[White "Garny, Annica"]
[Black "Kohm, Vanessa"]
[Result "1-0"]
[Termination "normal"]
[Board "7"]
[WhiteElo "1195"]
[BlackElo "1562"]
[PlyCount "67"]
[WhiteFideId "24600660"]
[BlackFideId "4674472"]
[EventCountry "GER"]
[EventRounds "9"]
[EventType "swiss"]
[EventDate "2006.06.03"]

1. e4 c5 2. Nf3 e6 3. d4 cxd4 4. Nxd4 Nc6 5. Be3 a6 6. Nc3 Bb4 7. Nxc6 bxc6 8.
Qd4 Bxc3+ 9. Qxc3 Nf6 10. Bd3 O-O 11. f3 d5 12. Qxc6 Bd7 13. Qc3 dxe4 14. fxe4
Qb8 15. Bd4 Rc8 16. Qd2 e5 17. Bc3 Bc6 18. Qg5 Re8 19. O-O Nxe4 20. Bxe4 Bxe4
21. Rae1 f5 22. g4 Qa7+ 23. Rf2 Rf8 24. Qe3 Qd7 25. Bxe5 Rae8 26. Qd4 Qe7 27.
Bd6 Qg5 28. Rxe4 fxe4 29. Qc4+ Kh8 30. Bxf8 Qxg4+ 31. Kh1 Rc8 32. Bxg7+ Kxg7
33. Qd4+ Kg8 34. Rg2 1-0

[Event "DEM U14w 2006"]
[Site "Willingen GER"]
[Date "2006.06.10"]
[Round "9"]
[White "Stitterich, Nadine"]
[Black "Müller, Anna-Louise"]
[Result "0-1"]
[Termination "normal"]
[Board "8"]
[WhiteElo "1470"]
[BlackElo "1432"]
[PlyCount "82"]
[WhiteFideId "24676527"]
[BlackFideId "4633512"]
[EventCountry "GER"]
[EventRounds "9"]
[EventType "swiss"]
[EventDate "2006.06.03"]

1. e4 c5 2. Nf3 d6 3. d4 cxd4 4. Nxd4 Nf6 5. Nc3 g6 6. Be3 Bg7 7. Bc4 O-O 8. f3
Nc6 9. O-O Bd7 10. Bb3 a6 11. Qd2 Rc8 12. Qf2 Ne5 13. h3 Nc4 14. Bxc4 Rxc4 15.
Nb3 b5 16. Bb6 Qb8 17. Rab1 b4 18. Na5 Rcc8 19. Nd5 Nxd5 20. exd5 Bf5 21. Nc6
Qb7 22. Ba5 Rfe8 23. Rfe1 e6 24. g4 exd5 25. Rxe8+ Rxe8 26. Nxb4 Qb5 27. gxf5
Qxa5 28. c3 gxf5 29. Qa7 d4 30. Rc1 dxc3 31. bxc3 Bxc3 32. Rxc3 Qxb4 33. Qc7
Qd4+ 34. Kf1 Qd1+ 35. Kg2 Re2+ 36. Kg3 Qe1+ 37. Kf4 Qh4+ 38. Kxf5 Qh5+ 39. Kf4
Qe5+ 40. Kg4 Rg2+ 41. Kh4 Qg5# 0-1

[Event "DEM U14w 2006"]
[Site "Willingen GER"]
[Date "2006.06.10"]
[Round "9"]
[White "Schultheiß, Vera"]
[Black "Wisheckel, Lena"]
[Result "1-0"]
[Termination "normal"]
[Board "9"]
[WhiteElo "1370"]
[BlackElo "1545"]
[PlyCount "53"]
[BlackFideId "24691992"]
[EventCountry "GER"]
[EventRounds "9"]
[EventType "swiss"]
[EventDate "2006.06.03"]

1. e4 e5 2. Bc4 Nf6 3. d3 Bc5 4. Nc3 O-O 5. f4 exf4 6. Bxf4 c6 7. Nf3 d5 8. Bb3
dxe4 9. dxe4 Qe7 10. Qe2 Be6 11. e5 Bxb3 12. exf6 Qxe2+ 13. Kxe2 Bxc2 14. fxg7
Kxg7 15. Rae1 Nd7 16. Kd2 Bf5 17. Ne5 Nxe5 18. Rxe5 Rad8+ 19. Kc1 Bd4 20. Rxf5
Bxc3 21. bxc3 Rd3 22. Kc2 Rfd8 23. Rf1 R8d7 24. Be5+ Kg6 25. Rf6+ Kg5 26. R1f5+
Kh4 27. Bd4 1-0

[Event "DEM U14w 2006"]
[Site "Willingen GER"]
[Date "2006.06.10"]
[Round "9"]
[White "Schöbel, Ulrike"]
[Black "Falke, Cynthia"]
[Result "1/2-1/2"]
[Termination "normal"]
[Board "10"]
[WhiteElo "1064"]
[BlackElo "1307"]
[PlyCount "62"]
[BlackFideId "24600644"]
[EventCountry "GER"]
[EventRounds "9"]
[EventType "swiss"]
[EventDate "2006.06.03"]

1. d4 d5 2. e3 Nf6 3. Bd3 e6 4. Nd2 c5 5. c3 Nc6 6. f4 b6 7. Ngf3 Bb7 8. Ne5 a6
9. O-O Bd6 10. Qf3 O-O 11. Qh3 h6 12. Rf3 Kh8 13. Ng4 Nxg4 14. Qxg4 Bc8 15. Rg3
Rg8 16. Qh5 Qf6 17. Nf3 cxd4 18. cxd4 Nb4 19. Bb1 Ra7 20. a3 Nc6 21. Ne5 Bxe5
22. fxe5 Qe7 23. e4 f6 24. Bxh6 gxh6 25. Qxh6+ Qh7 26. Qxh7+ Rxh7 27. exd5 Rxg3
28. hxg3 Nxd4 29. Bxh7 Kxh7 30. exf6 exd5 31. Rf1 Ne6 1/2-1/2

[Event "DEM U14w 2006"]
[Site "Willingen GER"]
[Date "2006.06.10"]
[Round "9"]
[White "Rummer, Bärbel"]
[Black "Lingl, Xenia"]
[Result "1/2-1/2"]
[Termination "normal"]
[Board "11"]
[WhiteElo "1312"]
[BlackElo "1483"]
[PlyCount "55"]
[WhiteFideId "12900109"]
[EventCountry "GER"]
[EventRounds "9"]
[EventType "swiss"]
[EventDate "2006.06.03"]

1. e4 e5 2. Nf3 Nc6 3. Bc4 Bc5 4. d3 h6 5. c3 d6 6. b4 Bb6 7. h3 Nf6 8. O-O O-O
9. Re1 Be6 10. Nbd2 Ne7 11. Qb3 Qc8 12. d4 Ng6 13. a4 c6 14. Qc2 Nh5 15. Be2
Nhf4 16. Nf1 Bxh3 17. Bxf4 Nxf4 18. Nh4 Nxe2+ 19. Qxe2 Qg4 20. Qxg4 Bxg4 21.
Ne3 Be6 22. a5 Bd8 23. Nf3 Bf6 24. Rad1 Rac8 25. c4 exd4 26. Nxd4 Rfe8 27. Ndf5
Bc3 28. Nxd6 1/2-1/2

[Event "DEM U14w 2006"]
[Site "Willingen GER"]
[Date "2006.06.10"]
[Round "9"]
[White "Kinzel, Tiffany"]
[Black "Micklich, Rahel"]
[Result "1-0"]
[Termination "normal"]
[Board "12"]
[WhiteElo "1385"]
[BlackElo "1785"]
[PlyCount "77"]
[WhiteFideId "4633741"]
[BlackFideId "24639184"]
[EventCountry "GER"]
[EventRounds "9"]
[EventType "swiss"]
[EventDate "2006.06.03"]

1. d4 Nf6 2. e3 e6 3. Bd3 d5 4. f4 c5 5. c3 Be7 6. Nf3 O-O 7. Nbd2 Nc6 8. O-O
b6 9. Ne5 Qc7 10. Qf3 a5 11. Re1 Ba6 12. Bb1 b5 13. Qh3 Rfc8 14. g4 g6 15. Qg3
Nd7 16. Ndf3 Bf6 17. h4 Kg7 18. g5 Be7 19. Nh2 b4 20. Nhg4 a4 21. Nh6 Rf8 22.
h5 bxc3 23. bxc3 cxd4 24. exd4 Nd8 25. Bd2 Nb7 26. hxg6 hxg6 27. Qh3 Nxe5 28.
fxe5 Rh8 29. Qf3 Raf8 30. Bc2 a3 31. Kg2 Na5 32. Rh1 Nc4 33. Bf4 Qd8 34. Qg4
Qa5 35. Rh3 Rb8 36. Bb3 Rbc8 37. Rah1 Rhf8 38. Qf3 Bd8 39. Ng4 1-0

[Event "DEM U14w 2006"]
[Site "Willingen GER"]
[Date "2006.06.10"]
[Round "9"]
[White "Sonnhalter, Stella"]
[Black "Voss, Chantal"]
[Result "0-1"]
[Termination "normal"]
[Board "13"]
[WhiteElo "1511"]
[BlackElo "1718"]
[PlyCount "98"]
[WhiteFideId "4624815"]
[BlackFideId "4664906"]
[EventCountry "GER"]
[EventRounds "9"]
[EventType "swiss"]
[EventDate "2006.06.03"]

1. e4 e6 2. d3 d5 3. g3 dxe4 4. dxe4 Qxd1+ 5. Kxd1 Nf6 6. Nc3 Bc5 7. f3 O-O 8.
Bf4 Bb6 9. Bd3 Nc6 10. Na4 Ba5 11. Ne2 Nb4 12. Nac3 Rd8 13. Kd2 c5 14. b3 b5
15. a3 Nc6 16. Kc1 a6 17. Kb2 Nd7 18. Rad1 e5 19. Be3 Rb8 20. Nd5 c4 21. b4
cxd3 22. Rxd3 Bb6 23. Bxb6 Rxb6 24. Nxb6 Nxb6 25. Rxd8+ Nxd8 26. Rd1 Ne6 27. f4
exf4 28. Nxf4 g6 29. Nxe6 Bxe6 30. Kc3 Nc4 31. Rd8+ Kg7 32. Ra8 Nxa3 33. Rxa6
Nc4 34. Kd3 Kf8 35. Ra8+ Ke7 36. Rb8 Ne5+ 37. Ke3 Bc4 38. Kf4 Nd7 39. Rh8 Nf8
40. e5 h5 41. g4 hxg4 42. Kxg4 Nd7 43. Kf4 Nb6 44. c3 Nd5+ 45. Ke4 Nxc3+ 46.
Kd4 Nd5 47. Kc5 Nf4 48. Kd4 Nd3 49. Kc3 Nxe5 0-1